Simple Steps : (Record no. 609805)

MARC details
000 -LEADER
fixed length control field 00389nam a2200157 a 4500
001 - CONTROL NUMBER
control field 1769940913073
003 - CONTROL NUMBER IDENTIFIER
control field YourLibrary
005 - DATE AND TIME OF LATEST TRANSACTION
control field 20260201163841.0
008 - FIXED-LENGTH DATA ELEMENTS--GENERAL INFORMATION
fixed length control field 260201s2026##################000#0#eng##
020 ## - INTERNATIONAL STANDARD BOOK NUMBER
International Standard Book Number 9788176498593
082 04 - DEWEY DECIMAL CLASSIFICATION NUMBER
Classification number 305.231
Item number MIL
040 ## - CATALOGING SOURCE
Original cataloging agency YourLibrary
Language of cataloging eng
Transcribing agency YourLibrary
100 1# - MAIN ENTRY--PERSONAL NAME
Personal name Miller, Karen,
Relator term author.
245 10 - TITLE STATEMENT
Title Simple Steps :
942 ## - ADDED ENTRY ELEMENTS (KOHA)
Koha item type English Books
Holdings
Withdrawn status Lost status Damaged status Not for loan Home library Current library Shelving location Date acquired Total Checkouts Full call number Barcode Date last seen Price effective from Koha item type
        Anna Centenary Library Anna Centenary Library 3RD FLOOR, B WING 01.02.2026   305.231 MIL 312438 01.02.2026 01.02.2026 English Books

Find us on the map